Photoshop CS6 in easy steps : (Record no. 82730)

MARC details
000 -LEADER
fixed length control field 00740nam a22002297a 4500
005 - DATE AND TIME OF LATEST TRANSACTION
control field 20140314121539.0
010 ## - LCCN (DPL NO)
LC control number ENG-109395
020 ## - INTERNATIONAL STANDARD BOOK NUMBER
International Standard Book Number 9789351343066
Terms of availability 225.00
035 ## - SYSTEM CONTROL NUMBER
System control number EN-92928
037 ## - SOURCE OF ACQUISITION
Source of stock number/acquisition DBAD/PUB
082 ## - DEWEY DECIMAL CLASSIFICATION NUMBER
Classification number 006.686
100 ## - MAIN ENTRY--PERSONAL NAME
Personal name Shufflebotham, Robert
245 ## - TITLE STATEMENT
Title Photoshop CS6 in easy steps :
Statement of responsibility, etc by Robert Shufflebotham
Remainder of title for Windows and Mac /
260 ## - PUBLICATION, DISTRIBUTION, ETC. (IMPRINT)
Place of publication, distribution, etc New Delhi
Name of publisher, distributor, etc McGraw Hill Education
Date of publication, distribution, etc 2014
270 ## - ADDRESS
Address P-24, Green Park Extn.
City New Delhi
Postal code 110016
300 ## - PHYSICAL DESCRIPTION
Extent 240p. :
Dimensions 23cm(pbk)
Other physical details ill.
500 ## - GENERAL NOTE
General note Text on inside cover.
500 ## - GENERAL NOTE
General note Includes index
650 ## - SUBJECT ADDED ENTRY--TOPICAL TERM
Topical term or geographic name as entry element Photography
General subdivision Digital techniques.
650 ## - SUBJECT ADDED ENTRY--TOPICAL TERM
Topical term or geographic name as entry element Computer graphics
General subdivision Computer programs.
942 ## - ADDED ENTRY ELEMENTS (KOHA)
Source of classification or shelving scheme Dewey Decimal Classification
Item type English Books
Call number suffix SHU
Classification part 006.686
Holdings
Withdrawn status Lost status Not for loan Collection code Home library Current library Date acquired Source of acquisition Cost, normal purchase price Full call number Barcode Copy number Cost, replacement price Koha item type
    Not For Loan Non-fiction D.B.Act.Division D.B.Act.Division 25/02/2014 DBAD/PUB 225.00 006.686 SHU EN-92928 1 225.00 English Books

© Delhi Public Library
Hit Counter
free hit counter